Văn hóa, văn nghệ dân gian với vấn đề phát triển bền vững /
Bewaard in:
| Hoofdauteur: | |
|---|---|
| Formaat: | Artikel |
| Taal: | Vietnamese |
| Onderwerpen: | |
| Tags: |
Voeg label toe
Geen labels, Wees de eerste die dit record labelt!
|
| Thư viện lưu trữ: | Thư viện Trường Đại học Đà Lạt |
|---|
| LEADER | 00875nam a2200277 4500 | ||
|---|---|---|---|
| 001 | DLU180183601 | ||
| 005 | ##20180131 | ||
| 040 | # | # | |a DLU |b vie |
| 041 | # | # | |a vie |
| 044 | # | # | |a vn |
| 100 | # | # | |a Trần Hữu Sơn. |
| 245 | # | # | |a Văn hóa, văn nghệ dân gian với vấn đề phát triển bền vững / |c Trần Hữu Sơn. |
| 653 | # | # | |a Bảo vệ môi trường |
| 653 | # | # | |a Phát triển bền vững |
| 653 | # | # | |a Văn hóa |
| 653 | # | # | |a Văn nghệ dân gian |
| 653 | # | # | |a Xóa đói, giảm nghèo |
| 773 | # | # | |t Tạp chí Lý luận, phê bình văn học, nghệ thuật |g Số 25, 2014, tr. 43-52 |
| 920 | # | # | |a Phòng Tạp chí --Trung tâm Thông tin - Thư viện Trường Đại học Đà Lạt |
| 900 | # | # | |a True |
| 911 | # | # | |a Lê Thị Hồng |
| 925 | # | # | |a G |
| 926 | # | # | |a A |
| 927 | # | # | |a BB |
| 980 | # | # | |a Thư viện Trường Đại học Đà Lạt |